000 00778nam a22002177a 4500
999 _c6092
_d6092
003 AR-CdUCM
008 190313b ||||| |||| 00| 0 spa d
040 _aMUNICIPALIDAD PROVINCIAL DEL CUSCO
_cBIBLIOTECA MUNICIPAL DEL CUSCO
082 _a050.985 /
_bC233
110 _aUniversidad Nacional de Educación
_99600
245 _aLa Cantuta /
260 _aLima :
_bUniverso,
_c1969.
300 _a234 paginas ;
_c25 cm.
500 _aDonación de la familia Nieto
505 _aContenido : José Gabriel Tupac Amaru -- Tupac Amaru -- Notas acerca del nombre -- Tupac Amaru -- A nuestro padre creador ...
650 _aHistoria de Tupac Amaru
_917710
650 _aHistoria del Perú
_9259
650 _aHistoria Latinoamericano
_917711
942 _2ddc
_cLIBROS
945 _arah